000
00315nam a22001337a 4500
008
181012b xxu||||| |||| 00| 0 eng d
020
_a
9781416059233
041
_a
eng
080
_2
6th
_a
610
100
_a
4
101
_a
SHM
245
_a
Clinical Assessment in Respiratory Care
_c
Wilkins, R.L
942
_2
udc
_c
BK
999
_c
49562
_d
49562